[Event "Muensterland Verbandsklasse 1314"]
[Site "Germany"]
[Date "2013.09.21"]
[Round "1.8"]
[White "Schlagheck, Thomas"]
[Black "Leeners, Stephan"]
[Result "1-0"]
[WhiteElo "1688"]
[BlackElo "1514"]
[PlyCount "42"]
[EventDate "2013.09.21"]
[EventType "team-tourn"]
[EventRounds "9"]
[EventCountry "GER"]
[SourceTitle "EXT 2015"]
[Source "ChessBase"]
[SourceDate "2014.11.20"]
[SourceVersion "1"]
[SourceVersionDate "2014.11.20"]
[SourceQuality "1"]
[WhiteTeam "Muenster SK IV"]
[BlackTeam "Muenster SK V"]
[WhiteTeamCountry "GER"]
[BlackTeamCountry "GER"]

1. e4 e6 2. d4 d5 3. exd5 exd5 4. Bf4 Bf5 5. Bd3 Bxd3 6. Qxd3 c6 7. Ne2 Bd6 8. 0-0 Ne7 9. Qg3 Bxf4 10. Nxf4 0-0 11. c3 Re8 12. Nd2 Nd7 13. Rfe1 Nf6 14. Qd3 Qc7 15. Ne2 Ng6 16. Ng3 Rxe1+ 17. Rxe1 Re8 18. Rxe8+ Nxe8 19. Qf5 Nd6 20. Qg4 Qe7 21. Kf1 Kf8 1-0

[Event "Muensterland Verbandsklasse-B 0809"]
[Site "Germany"]
[Date "2008.10.11"]
[Round "2.6"]
[White "Janning, Rainer"]
[Black "Leeners, Stephan"]
[Result "1-0"]
[WhiteElo "1911"]
[BlackElo "1490"]
[PlyCount "27"]
[EventDate "2008.09.13"]
[EventType "team-tourn"]
[EventRounds "9"]
[EventCountry "GER"]
[SourceTitle "EXT 2010"]
[Source "ChessBase"]
[SourceDate "2010.11.25"]
[SourceVersion "1"]
[SourceVersionDate "2010.11.25"]
[SourceQuality "1"]
[WhiteTeam "Steinfurt"]
[BlackTeam "Buldern"]
[WhiteTeamCountry "GER"]
[BlackTeamCountry "GER"]

1. f4 e5 2. fxe5 d6 3. exd6 Bxd6 4. Nf3 g5 5. g3 g4 6. Nh4 h5 7. d4 Be7 8. Ng2 Nh6 9. Qd3 f5 10. Bf4 Bd6 11. Qe3+ Qe7 12. Bxh6 Be6 13. Bg5 Bb4+ 14. c3 1-0

[Event "Muensterland Verbandsklasse-A 0708"]
[Site "Germany"]
[Date "2007.11.17"]
[Round "3.8"]
[White "Horstmann, Michael"]
[Black "Leeners, Stephan"]
[Result "1-0"]
[WhiteElo "1731"]
[BlackElo "1538"]
[PlyCount "57"]
[EventDate "2007.09.22"]
[EventType "team"]
[EventRounds "9"]
[EventCountry "GER"]
[SourceTitle "EXT 2009"]
[Source "ChessBase"]
[SourceDate "2008.11.26"]
[SourceVersion "1"]
[SourceVersionDate "2008.11.26"]
[SourceQuality "1"]
[WhiteTeam "Emsdetten Rochade"]
[BlackTeam "Buldern"]
[WhiteTeamCountry "GER"]
[BlackTeamCountry "GER"]

1. e4 d6 2. d4 Nf6 3. Nc3 g6 4. f4 Bg7 5. Nf3 e6 6. Bd3 0-0 7. Be3 Nbd7 8. Qd2 c5 9. d5 exd5 10. exd5 Ng4 11. 0-0 f5 12. Kh1 Nxe3 13. Qxe3 Nf6 14. Ng5 Re8 15. Ne6 Nxd5 16. Nxd5 Bxe6 17. Qf3 Qd7 18. a4 Qf7 19. Bc4 Kf8 20. b3 Rab8 21. Rad1 a6 22. a5 Bxd5 23. Rxd5 Re4 24. c3 Rbe8 25. Rd3 Qe7 26. h3 Bh6 27. g3 Re3 28. Qd5 Re6 29. Re3 1-0

[Event "NRW-Ferienturnier U16"]
[Site "Wewelsburg"]
[Date "2001.08.14"]
[Round "4"]
[White "Ubrig von Barany, Daniel"]
[Black "Leeners, Stephan"]
[Result "1-0"]
[WhiteElo "652"]
[BlackElo "950"]
[PlyCount "81"]
[EventDate "2001.08.??"]
[EventType "swiss"]
[EventRounds "7"]
[EventCountry "GER"]
[SourceTitle "EXT 2003"]
[Source "ChessBase"]
[SourceDate "2002.11.25"]
[SourceVersion "1"]
[SourceVersionDate "2002.11.25"]
[SourceQuality "1"]

1. e4 g6 2. d4 Nf6 3. Nc3 d6 4. Nf3 Bg4 5. Bg5 c5 6. Bb5+ Nbd7 7. 0-0 cxd4 8. Qxd4 a6 9. Bxd7+ Nxd7 10. Qxh8 Qb6 11. Na4 Qb4 12. c4 f6 13. Bh6 Qxc4 14. Nc3 Ne5 15. Qxf8+ Kd7 16. Qxa8 Nxf3+ 17. gxf3 Bxf3 18. Qxb7+ Ke8 19. Qd5 Qb4 20. Bc1 f5 21. Qb3 Qd4 22. Qa4+ Qxa4 23. Nxa4 fxe4 24. Nc3 h5 25. b4 Kf7 26. h4 Kf6 27. Kh2 Kf5 28. Re1 Kg4 29. Nxe4 Kxh4 30. Bg5+ Kg4 31. Re3 d5 32. Rxf3 Kxf3 33. Nc5 Kg4 34. b5 axb5 35. Rb1 Kxg5 36. Kh3 Kh6 37. Rxb5 g5 38. a4 h4 39. Kg4 h3 40. Kxh3 Kh5 41. a5 1-0

[Event "NRW-Ferienturnier U16"]
[Site "Wewelsburg"]
[Date "2001.08.13"]
[Round "3"]
[White "Leeners, Stephan"]
[Black "Boemelburg, Raphael"]
[Result "0-1"]
[WhiteElo "950"]
[BlackElo "1345"]
[PlyCount "90"]
[EventDate "2001.08.??"]
[EventType "swiss"]
[EventRounds "7"]
[EventCountry "GER"]
[SourceTitle "EXT 2003"]
[Source "ChessBase"]
[SourceDate "2002.11.25"]
[SourceVersion "1"]
[SourceVersionDate "2002.11.25"]
[SourceQuality "1"]

1. e4 d5 2. Nh3 dxe4 3. d3 exd3 4. cxd3 Nf6 5. Be2 Bxh3 6. gxh3 Nc6 7. Nc3 e5 8. Ne4 Nxe4 9. dxe4 Qxd1+ 10. Bxd1 Bb4+ 11. Bd2 Bxd2+ 12. Kxd2 0-0-0+ 13. Ke1 Nd4 14. Bg4+ Kb8 15. Be2 Nc2+ 16. Kf1 Nxa1 17. Rg1 g6 18. Kg2 Nc2 19. Rc1 Rd2 20. Bc4 Ne3+ 21. Kf3 Nxc4 22. Rxc4 Rhd8 23. Rc5 f6 24. b4 Rxa2 25. Rc4 Rdd2 26. Kg3 Rxf2 27. Rc5 c6 28. b5 Kc7 29. bxc6 bxc6 30. Kg4 h5+ 31. Kh4 Ra3 32. Rxc6+ Kb7 33. Rc7+ Kb6 34. Rc6+ Kb5 35. Rc5+ Kb4 36. Rc4+ Kb3 37. Rb4+ Kc3 38. Rc4+ Kd3 39. Rc5 Rf4+ 40. Kg3 Kd4+ 41. Kg2 Kxc5 42. h4 Rxe4 43. Kf2 Rb4 44. Ke1 Rb2 45. Kd1 Ra1# 0-1